Είναι... Τέχνη; - Statistics

General Stats
  • This quiz has been taken 64 times
    63 since last reset
  • The average score is 10 of 15
Answer Stats
Question Answer % Correct
Τυχαίο Αντικείμενο
98%
Τέχνη
98%
Τέχνη
77%
Τέχνη
77%
Τέχνη
70%
Τυχαίο Αντικείμενο
70%
Τυχαίο Αντικείμενο
70%
Τέχνη
68%
Τυχαίο Αντικείμενο
66%
Τυχαίο Αντικείμενο
66%
Τυχαίο Αντικείμενο
59%
Τέχνη
55%
Τυχαίο Αντικείμενο
52%
Τέχνη
48%
Τέχνη
34%
No matching quizzes found
Score Distribution
Percent of People with Each Score
Percentile by Number Answered
Your Score History
You have not taken this quiz since the last reset